000 00829nam a22002417a 4500
005 2012092608118.0
008 120926t xxu||||| |||| 00| 0 eng d
010 _aENG-105984
020 _a9789350450277
_c400.00
035 _aEN-89517
037 _bDBAD/PUB
040 _aDPL
_bEnglish
082 _aN
100 _952635
245 _aOnce there was a girl /
_ctranslated from the Tamil by K. Srilata [and] R. Vatsala
260 _aCalcutta
_bWriters Workshop
_c2012
270 _a162/92, Lake Gardens
_bCalcutta
_e700045
_mwww.writersworkshopindia.com
300 _a318p.
_c22cm(Hb)
700 _aSrilata, K.
_952641
700 _aVatsala, R.
_952642
942 _2ddc
_cEN
_mONC
_hN
999 _c70327
_d70327